Rights of light (Record no. 111422)

MARC details
000 -LEADER
fixed length control field 01298cad a22002535a 4500
001 - CONTROL NUMBER
control field E151526
008 - FIXED-LENGTH DATA ELEMENTS--GENERAL INFORMATION
fixed length control field 101115s2010 xxk f 000 0 eng d
020 ## - INTERNATIONAL STANDARD BOOK NUMBER
International Standard Book Number 9781842196281
035 ## - SYSTEM CONTROL NUMBER
System control number (Sirsi) u151526
041 0# - LANGUAGE CODE
Language code of text/sound track or separate title eng
110 2# - MAIN ENTRY--CORPORATE NAME
Corporate name or jurisdiction name as entry element Royal Institution of Chartered Surveyors
9 (RLIN) 4900
245 00 - TITLE STATEMENT
Title Rights of light
Remainder of title practical guidance for chartered surveyors in England and Wales
Medium [old edition]
260 ## - PUBLICATION, DISTRIBUTION, ETC.
Place of publication, distribution, etc. Coventry
Name of publisher, distributor, etc. RICS
Date of publication, distribution, etc. 2010
300 ## - PHYSICAL DESCRIPTION
Extent iv, 22p.
Other physical details ill.
Dimensions 30cm.
490 #0 - SERIES STATEMENT
Series statement RICS Guidance Note
Volume/sequential designation GN 66/2010
520 ## - SUMMARY, ETC.
Summary, etc. Deals with easements known as "rights of light" and the approach to be adopted by surveyors practising in this field. Looks at the different stages of a potential dispute and the processes that an RICS member could follow as an example of best practice. Also includes lists of further reading and online resources.
520 ## - SUMMARY, ETC.
Summary, etc. Superseded by 2nd edition (ISBN 9781783211371).
520 ## - SUMMARY, ETC.
Summary, etc. ARCHIVED 22 June 2016
590 ## - LOCAL NOTE (RLIN)
Local note KA
651 #4 - SUBJECT ADDED ENTRY--GEOGRAPHIC NAME
Geographic name England and Wales
Chronological subdivision 1543-
690 ## - LOCAL SUBJECT ADDED ENTRY--TOPICAL TERM (OCLC, RLIN)
Topical term or geographic name as entry element PROPERTY-PROPERTY MANAGEMENT-EASEMENTS-RIGHTS TO LIGHT DETERMINATION-RIGHTS TO LIGHT
856 41 - ELECTRONIC LOCATION AND ACCESS
Uniform Resource Identifier <a href="https://www.isurv.com/download/downloads/id/2593/archive_rights_of_light_1st_edition_october_2010-june_2016.pdf">https://www.isurv.com/download/downloads/id/2593/archive_rights_of_light_1st_edition_october_2010-june_2016.pdf</a>
Public note Archived on isurv (subscription required)
942 ## - ADDED ENTRY ELEMENTS (KOHA)
Suppress in OPAC 0
Source of classification or shelving scheme Dewey Decimal Classification
Holdings
Withdrawn status Lost status Source of classification or shelving scheme Damaged status Not for loan Home library Current library Shelving location Date acquired Total Checkouts Full call number Barcode Date last seen Copy number Price effective from Koha item type
    Dewey Decimal Classification     London London RICS Boxes 15/11/2010   RICS 2010/16 30075678 06/08/2019 1 06/08/2019 Archive
    Dewey Decimal Classification     London London RICS Boxes 02/04/2014   RICS 2010/16 30075739 06/08/2019 1 06/08/2019 Book
    Dewey Decimal Classification     London London RICS Boxes 02/04/2014   RICS 2010/16 30075737 06/08/2019 2 06/08/2019 Book
    Dewey Decimal Classification     Virtual Virtual Online 15/11/2010   isurv 151526-5001 11/06/2024 4 06/08/2019 Online material